Risk assessment (Record no. 72346)
[ view plain ]
| 000 -LEADER | |
|---|---|
| fixed length control field | 00952cam a2200205 4500 |
| 001 - CONTROL NUMBER | |
| control field | ABS66498 |
| 008 - FIXED-LENGTH DATA ELEMENTS--GENERAL INFORMATION | |
| fixed length control field | 030325n2003 000 0 eng u |
| 035 ## - SYSTEM CONTROL NUMBER | |
| System control number | (Sirsi) u121731 |
| 245 ## - TITLE STATEMENT | |
| Title | Risk assessment |
| 260 ## - PUBLICATION, DISTRIBUTION, ETC. | |
| Date of publication, distribution, etc. | 2003 |
| 490 ## - SERIES STATEMENT | |
| Series statement | Essential FM Report |
| Volume/sequential designation | February 2003, 7-9(3) |
| 520 ## - SUMMARY, ETC. | |
| Summary, etc. | Describes the areas of risk assessment that businesses are now advised to take. Advises on the most important area of a business which must be protected from such hazards, like the risk of fire and the vulnerability of the particular building to the danger. Discusses balancing cost against confidence and risk assessment procedure and risk reduction. Gives examples of the business planning process with a flow chart and an initial risk assessment. |
| 590 ## - LOCAL NOTE (RLIN) | |
| Local note | ABS |
| 650 ## - SUBJECT ADDED ENTRY--TOPICAL TERM | |
| Topical term or geographic name entry element | RISK ASSESSMENT |
| 650 ## - SUBJECT ADDED ENTRY--TOPICAL TERM | |
| Topical term or geographic name entry element | FIRE PROTECTION |
| 650 ## - SUBJECT ADDED ENTRY--TOPICAL TERM | |
| Topical term or geographic name entry element | RISK ANALYSIS |
| 650 ## - SUBJECT ADDED ENTRY--TOPICAL TERM | |
| Topical term or geographic name entry element | BUSINESS PLANNING |
| 690 ## - LOCAL SUBJECT ADDED ENTRY--TOPICAL TERM (OCLC, RLIN) | |
| Topical term or geographic name as entry element | MANAGEMENT-BUSINESS MANAGEMENT |
| 942 ## - ADDED ENTRY ELEMENTS (KOHA) | |
| Suppress in OPAC | 0 |
| Withdrawn status | Lost status | Source of classification or shelving scheme | Damaged status | Not for loan | Home library | Current library | Shelving location | Date acquired | Total Checkouts | Full call number | Barcode | Date last seen | Copy number | Price effective from | Koha item type |
|---|---|---|---|---|---|---|---|---|---|---|---|---|---|---|---|
| Dewey Decimal Classification | London | London | News article | 25/03/2003 | ABS66498 | 121731-1001 | 06/08/2019 | 1 | 06/08/2019 | News article |